Movies Quiz

Random Movies or State Quiz
Score 0/50 Timer 10:00
0 Plays Today
% Correct
California
81.1%
Nevada
79.6%
New York
79.2%
Kansas
78.2%
Pennsylvania
75.6%
Idaho
74.1%
Alabama
73.9%
Hawaii
72.8%
New Jersey
70.2%
Illinois
70.1%
Florida
69.7%
Colorado
68.1%
Indiana
68.1%
Texas
66.5%
Massachusetts
63%
Washington
57.3%
Alaska
57.1%
Maine
56.8%
Iowa
55.7%
Louisiana
54.4%
Virginia
51.9%
Arizona
51.6%
Maryland
51.4%
Michigan
51%
Mississippi
49.4%
% Correct
North Carolina
48.1%
Oklahoma
47.9%
Tennessee
47%
Minnesota
44.7%
West Virginia
44.2%
Wyoming
43.7%
Oregon
40.7%
Montana
39.2%
Nebraska
39%
South Dakota
38.9%
Georgia
38.3%
Utah
35%
Kentucky
32.3%
Rhode Island
31.3%
South Carolina
30.5%
Ohio
29.5%
New Mexico
29.2%
Vermont
27.2%
Arkansas
26.9%
Connecticut
26.9%
Missouri
25.2%
New Hampshire
24.2%
Wisconsin
16.1%
Delaware
12.5%
North Dakota
8.8%
Remove Ads.
Support Sporcle.
Get the best of Sporcle when you Go Orange. This ad-free experience offers more features, more stats, and more fun while also helping to support Sporcle. Thank you for becoming a member.

You're not logged in!

Compare scores with friends on all Sporcle quizzes.
OR
Log In

Show Comments

Extras

Top Quizzes Today


Score Distribution

Your Account Isn't Verified!

In order to create a playlist on Sporcle, you need to verify the email address you used during registration. Go to your Sporcle Settings to finish the process.

Report this User

Report this user for behavior that violates our Community Guidelines.

Details: